000 00724cam a22002533a 4500
001 25294
003 PGUSA
005 20140828083538.0
008 080502s2008||||xxu|||||s|||||000 | eng d
040 _aPGUSA
_beng
042 _adc
050 4 _aNK
100 1 _aBurgess, Fred. W.
_q(Frederick William),
_d1855-1945
245 1 0 _aChats on Household Curios
_h[electronic resource] /
_cFred. W. Burgess
260 _bProject Gutenberg,
_c2008
506 _aPublic domain in the USA.
516 _aElectronic text
653 _aAntiques
653 _aCollectors and collecting
653 _aInterior decoration
830 0 _aProject Gutenberg
_v25294
856 4 0 _uhttp://www.gutenberg.org/ebooks/25294
942 _cEB
999 _c254549
_d254549